Logo BPK

Biblioteka

Politechniki Koszalińskiej

Stara i młoda prasa : (Rekord nr 37083)

Szczegóły MARC
000 -ETYKIETA REKORDU
podpole kontrolne o stałej długości 02153nam a2200565 i 4500
001 - NUMER KONTROLNY REKORDU
pole kontrolne 37083
003 - IDENTYFIKATOR NUMERU KONTROLNEGO REKORDU
podpole kontrolne KOSZ 005
005 - DATA OSTATNIEJ MODYFIKACJI REKORDU
podpole kontrolne 20220607085236.0
008 - POLE O STAŁEJ DŁUGOŚCI - DANE KONTROLNE
podpole kontrolne o stałej długości 990209s1998 pl |000 1 pol
015 ## - NUMER BIBLIOGRAFII NARODOWEJ
Numer bibliografii narodowej UWD 1999/17924
020 ## - MIĘDZYNARODOWY ZNORMALIZOWANY NUMER KSIĄŻKI - ISBN
ISBN 8385605444
035 ## - NUMER SYSTEMOWY
Numer systemowy przejętego rekordu 991011228789705066
035 ## - NUMER SYSTEMOWY
Numer systemowy przejętego rekordu (PL-WaBN)b1305871x-48omnis_nlop
035 ## - NUMER SYSTEMOWY
Numer systemowy przejętego rekordu b1305871x
035 ## - NUMER SYSTEMOWY
Numer systemowy przejętego rekordu (OCoLC)830262195
035 ## - NUMER SYSTEMOWY
Numer systemowy przejętego rekordu zz2003987782
035 ## - NUMER SYSTEMOWY
Numer systemowy przejętego rekordu (PL)b0000001305871
035 ## - NUMER SYSTEMOWY
Numer systemowy przejętego rekordu (EXLNZ-48OMNIS_NETWORK)9910466647805606
040 ## - ŹRÓDŁO KATALOGOWANIA
Instytucja, która sporządziła opis KR U
Instytucja, która dokonała modyfikacji WA N
-- KOSZ 005/HR
Instytucja, która utworzyła rekord KR U
041 0# - KOD JĘZYKA
Kod języka tekstu pol
045 ## - ZAKRES CZASOWY ZAWARTOŚCI
Zakres czasowy d1866
-- d1872
046 ## - DATY KODOWANE
Pojedyncza data lub początek okresu powstania dzieła lub zbioru dzieł 1998
080 ## - UNIWERSALNA KLASYFIKACJA DZIESIĘTNA - UKD
UKD 821.162.1(091)"18"
080 ## - UNIWERSALNA KLASYFIKACJA DZIESIĘTNA - UKD
UKD 821.162.1(091)-92"18"
080 ## - UNIWERSALNA KLASYFIKACJA DZIESIĘTNA - UKD
UKD 070(091)"18"
245 00 - TYTUŁ/ODPOWIEDZIALNOŚĆ
Tytuł Stara i młoda prasa :
Ciąg dalszy tytułu przyczynek do historii literatury ojczystej 1866-1872 : kartki ze wspomnień Eksdziennikarza /
Pozostałe elementy strefy tytułu i oznaczenia odpowiedzialności przygot. do druku i posłowiem opatrzyła Dobrosława Świerczyńska ; Instytut Badań Literackich Polskiej Akademii Nauk.
260 ## - STREFA ADRESU WYDAWNICZEGO
Miejsce wydania Warszawa :
Nazwa wydawcy/dystrybutora IBL Wydawnicctwo,
Data publikacji, dystrybucji/powstania dokumentu 1998.
300 ## - STREFA OPISU FIZYCZNEGO
Objętość 208, [4] s. ;
Rozmiary 24 cm.
336 ## - TYP ZAWARTOŚCI
Termin opisujący typ zawartości Tekst
Kod określający zawartość txt
Źródło (terminu i kodu) rdacontent
337 ## - TYP MEDIÓW
Tryb odtwarzania Bez urządzenia pośredniczącego
Kod typu mediów n
Źródło (terminu i kodu) rdamedia
338 ## - TYP/RODZAJ NOŚNIKA
Hasło opisujące typ nośnika Wolumin
Kod typu nośnika nc
Źródło (terminu i kodu) rdacarrier
380 ## - FORMA I TYP PUBLIKACJI
Forma i typ publikacji Książki
388 ## - CZAS POWSTANIA
Czas powstania 1901-2000
388 ## - CZAS POWSTANIA
Czas powstania 1989-2000
500 ## - UWAGI OGÓLNE
Tekst uwagi U góry s. tyt. jako aut. domniemani :[Walery Przyborowski?] [Julian Kaliszewski?].
504 ## - UWAGA DOTYCZĄCA BIBLIOGRAFII
Informacje o bibliografii Bibliogr. s. 205-206.
648 #7 - HASŁO PRZEDMIOTOWE - TERMIN CHRONOLOGICZNY
Termin chronologiczny 1801-1900
Źródło hasła lub terminu DBN
655 #7 - TERMIN INDEKSOWY - OKREŚLENIE RODZAJU/FORMY DOKUMENTU
Określenie rodzaju/formy dokumentu Literatura polska
Źródło terminu DBN
655 #7 - TERMIN INDEKSOWY - OKREŚLENIE RODZAJU/FORMY DOKUMENTU
Określenie rodzaju/formy dokumentu Czasopismo polskie
655 #7 - TERMIN INDEKSOWY - OKREŚLENIE RODZAJU/FORMY DOKUMENTU
Określenie rodzaju/formy dokumentu Publicystyka polska
Źródło terminu DBN
658 ## - TERMIN INDEKSOWY - PRZEDMIOT PROGRAMU NAUCZANIA
Główny przedmiot programu nauczania Historia
700 1# - HASŁO DODATKOWE - NAZWA OSOBOWA
Nazwa osobowa Kaliszewski, Julian
Daty związane z nazwą (1845-1909)
Określenie związku między hasłem a opisywanym materiałem Autor domniemany
700 1# - HASŁO DODATKOWE - NAZWA OSOBOWA
Nazwa osobowa Przyborowski, Walery
Daty związane z nazwą (1845-1913)
Określenie związku między hasłem a opisywanym materiałem Autor domniemany
700 1# - HASŁO DODATKOWE - NAZWA OSOBOWA
Nazwa osobowa Świerczyńska, Dobrosława
Daty związane z nazwą (1937- )
Określenie związku między hasłem a opisywanym materiałem Opracowanie
710 2# - HASŁO DODATKOWE - NAZWA CIAŁA ZBIOROWEGO
Nazwa ciała zbiorowego lub jednostki geograficznej Instytut Badań Literackich (Polska Akademia Nauk)
710 2# - HASŁO DODATKOWE - NAZWA CIAŁA ZBIOROWEGO
Nazwa ciała zbiorowego lub jednostki geograficznej Wydawnictwo IBL
Kod określenia powiązania pbl
856 ## - LOKALIZACJA I DOSTĘP DO ELEKTRONICZNYCH DOKUMENTÓW ZDALNYCH
Link (URL) http://koha.tu.koszalin.pl/cgi-bin/koha/opac-detail.pl?biblionumber=37083
Tekst linku Katalog online BPK
942 ## - DODATKOWE ELEMENTY (KOHA)
Schemat klasyfikacji Uniwersalna Klasyfikacja Dziesiętna
Typ dokumentu Książka
Egzemplarze
Wycofany Status egzemplarza Uszkodzony Dostępność Lokalizacja stała Lokalizacja bieżąca Miejsce przechowywania Sygnatura Kod kreskowy Typ dokumentu Status: wypożyczony
      Dostępny Biblioteka Politechniki Koszalińskiej Biblioteka Politechniki Koszalińskiej Wypożyczalnia BG 52416 01487381 Książka  
      Dostępny Biblioteka Politechniki Koszalińskiej Biblioteka Politechniki Koszalińskiej Wypożyczalnia BG 52709 01484397 Książka 01.12.2026
© 2023 Biblioteka Politechniki Koszalińskiej :: KOHA